[Event "Montevideo Duchamp Cup 3rd"]
[Site "Montevideo"]
[Date "2019.02.14"]
[Round "7"]
[White "Mareco, Sandro"]
[Black "Felgaer, Ruben Alejandro"]
[Result "1/2-1/2"]
[WhiteElo "2664"]
[BlackElo "2562"]
[PlyCount "130"]
[EventDate "2019.02.09"]
[EventType "swiss"]
[EventRounds "9"]
[EventCountry "URU"]
[SourceTitle "CBM 188 Extra"]
[Source "ChessBase"]
[SourceDate "2019.02.26"]
[SourceVersion "1"]
[SourceVersionDate "2019.02.26"]
[SourceQuality "1"]

1. e4 c5 2. Nf3 Nc6 3. Bb5 Nf6 4. Nc3 g6 5. Bxc6 bxc6 6. e5 Nd5 7. 0-0 Bg7 8. Ne4 d6 9. exd6 exd6 10. d4 f5 11. Ng3 0-0 12. c4 Nc7 13. Bg5 Qd7 14. dxc5 dxc5 15. Qxd7 Bxd7 16. Rad1 Rf7 17. Bf4 Ne6 18. Be5 Nd4 19. Bxg7 Nxf3+ 20. gxf3 Kxg7 21. Rfe1 Re8 22. Rxe8 Bxe8 23. Rd8 Re7 24. Kf1 Kf6 25. f4 h6 26. h4 Re6 27. f3 g5 28. hxg5+ hxg5 29. Kf2 g4 30. fxg4 fxg4 31. b3 Bg6 32. f5 Ke7 33. Rg8 Bf7 34. Rxg4 Rh6 35. Ne4 Rh5 36. Rg5 Rh2+ 37. Rg2 Rh5 38. Ng3 Rh4 39. Ke3 Kf6 40. Rd2 Rh3 41. Kf4 Rh4+ 42. Kf3 Ke5 43. Rd7 Bh5+ 44. Kf2 Bg4 45. Re7+ Kf6 46. Re6+ Kg5 47. Rxc6 Kf4 48. Ne2+ Kg5 49. Nc3 Rh2+ 50. Kg1 Rc2 51. Nd5 Bh3 52. f6 Rg2+ 53. Kh1 Rf2 54. Rc7 Kh4 55. Rh7+ Kg3 56. Rg7+ Kh4 57. Ne3 Rxf6 58. Rxa7 Rf2 59. Rh7+ Kg3 60. Kg1 Rxa2 61. Nf1+ Bxf1 62. Kxf1 Rb2 63. Ke1 Rxb3 64. Kd2 Kf4 65. Rh5 Ke4 1/2-1/2

[Event "Montevideo Duchamp Cup 3rd"]
[Site "Montevideo"]
[Date "2019.02.12"]
[Round "5"]
[White "Hoffman, Alejandro"]
[Black "Felgaer, Ruben Alejandro"]
[Result "0-1"]
[WhiteElo "2461"]
[BlackElo "2562"]
[PlyCount "98"]
[EventDate "2019.02.09"]
[EventType "swiss"]
[EventRounds "9"]
[EventCountry "URU"]
[SourceTitle "CBM 188 Extra"]
[Source "ChessBase"]
[SourceDate "2019.02.26"]
[SourceVersion "1"]
[SourceVersionDate "2019.02.26"]
[SourceQuality "1"]

1. d4 d5 2. c4 c6 3. Nf3 Nf6 4. e3 Bf5 5. Nc3 e6 6. Bd3 Bg6 7. 0-0 Nbd7 8. Bxg6 hxg6 9. Qd3 Bb4 10. Bd2 Qe7 11. a3 Bxc3 12. Bxc3 Ne4 13. h3 g5 14. Nh2 Nxc3 15. Qxc3 Nf6 16. cxd5 exd5 17. f3 0-0 18. Rfe1 Ne8 19. e4 dxe4 20. Rxe4 Qd8 21. Rd1 Nf6 22. Re5 Nd5 23. Qb3 f6 24. Re4 Qb6 25. Qc2 Rad8 26. Nf1 Rfe8 27. Kh1 Kf7 28. b4 g6 29. Qb3 Kg7 30. Ne3 Nf4 31. Nc4 Qc7 32. Qe3 Qd7 33. Kg1 Re6 34. Nd2 f5 35. Rxe6 Qxe6 36. Qxe6 Nxe6 37. Nb3 Kf6 38. Kf2 b6 39. g3 Rd6 40. Rd2 Nc7 41. Rc2 Ke6 42. Ke3 Kd5 43. Kd3 Re6 44. f4 gxf4 45. gxf4 Re4 46. Nd2 Rxf4 47. Ke3 Rxd4 48. Nf3 Re4+ 49. Kf2 Ne6 0-1

[Event "Montevideo Duchamp Cup 3rd"]
[Site "Montevideo"]
[Date "2019.02.10"]
[Round "2"]
[White "Felgaer, Ruben Alejandro"]
[Black "Curi, Gabriel"]
[Result "1/2-1/2"]
[WhiteElo "2562"]
[BlackElo "2159"]
[PlyCount "59"]
[EventDate "2019.02.09"]
[EventType "swiss"]
[EventRounds "9"]
[EventCountry "URU"]
[SourceTitle "CBM 188 Extra"]
[Source "ChessBase"]
[SourceDate "2019.02.26"]
[SourceVersion "1"]
[SourceVersionDate "2019.02.26"]
[SourceQuality "1"]

1. e4 e6 2. d4 d5 3. Nd2 Nf6 4. e5 Nfd7 5. Ngf3 c5 6. c3 Nc6 7. Bd3 f6 8. exf6 Nxf6 9. 0-0 cxd4 10. cxd4 Bd6 11. b3 0-0 12. Bb2 Qb6 13. a3 a5 14. Qc2 Bd7 15. Rae1 Ne7 16. Kh1 Nf5 17. Re2 Rac8 18. Qb1 Bf4 19. Qd1 Nd6 20. a4 Bxa4 21. Ba3 Bb5 22. Bxb5 Qxb5 23. Rxe6 Rfd8 24. Bxd6 Bxd6 25. Qb1 Bf4 26. Rfe1 Qb4 27. Qd3 Bxd2 28. Qxd2 Qxd2 29. Nxd2 Rc2 30. R6e2 1/2-1/2